Statistics for States That Beat Indiana

Click here to take the quiz!

General Stats

  • This quiz has been taken 136 times
  • The average score is 10 of 12

Answer Stats

RankCategoryAnswer% Correct
5Most Corn ProductionIowa | Illinois | Nebraska | Minnesota
96%
10Lowest % With a College DegreeWest Virginia | Mississippi | Arkansas | Louisiana | Kentucky | Nevada | Alabama | Oklahoma | Wyoming
96%
9Lowest % ForestedNorth Dakota | Nebraska | South Dakota | Kansas | Iowa | Illinois | Nevada | Wyoming
95%
6Closest State Capital to the Great LakesMichigan | Wisconsin | Ohio | Minnesota | New York
94%
7Most Coal ProductionWyoming | West Virginia | Pennsylvania | Illinois | Kentucky | Montana
94%
6Earliest to Join the Union (Not Including the 13 Colonies)Vermont | Kentucky | Tennessee | Ohio | Louisiana
91%
5Least HappyNew York | Connecticut | New Jersey | Michigan
84%
6Smallest Span Between Highest and Lowest PointsFlorida | Delaware | Louisiana | Mississippi | Rhode Island
82%
4Most Populous City Starting With a VowelGeorgia | Florida | Texas
76%
3Smallest Landlocked State by AreaVermont | West Virginia
65%
4Smallest National Park by AreaMissouri | Arkansas | West Virginia
44%
3Most Recently Created National ParkWest Virginia | New Mexico
38%

Score Distribution

Percentile by Number Answered

Percent of People with Each Score

Your Score History

You have not taken this quiz